Music Quiz

Random Music or Song Quiz

Song by Duet Image Quiz Stats

 Plays Quiz Updated Apr 6, 2019

Score 0/18 Timer 06:00
3 Plays Today
Question Answer Wrong Answers
Elton John and Kiki Dee Don't Go Breaking My Heart
89.2%
Island Girl
2.1%
I've Got the Music in Me
2.8%
Philadelphia Freedom
3.2%
Stevie Wonder and Paul McCartney Ebony and Ivory
86.6%
Say Say Say
5.8%
Sir Duke
2.8%
Silly Love Songs
2.6%
Queen and David Bowie Under Pressure
83.6%
Modern Love
4.5%
Let's Dance
6.9%
Bicycle Race
2.4%
Olivia Newton-John and John Travolta You're the One That I Want
81%
Bye Bye Birdie
1.5%
Physical
2.4%
Hopelessly Devoted to You
12.7%
Diana Ross and Lionel Richie Endless Love
80.4%
Reach Out and Touch (Somebody's Hand)
8.9%
Upside Down
2.7%
Dancing on the Ceiling
5.2%
Dolly Parton and Kenny Rogers Islands in the Stream
80.1%
Here You Come Again
5.7%
Lady
4%
Jolene
7.7%
Jay Z and Alicia Keys Empire State of Mind
74.2%
Fallin
6.9%
Hard Knock Life
6%
Girl on Fire
10.3%
Brandy and Monica The Boy Is Mine
74%
Have You Ever
8.6%
Angel in Disguise
7.1%
Alone in Your Heart
7.1%
Marvin Gaye and Tammi Terrell Ain't No Mountain High Enough
66.1%
Got to Give It Up
4.3%
How Sweet It Is (To Be Loved By You)
20.1%
Let's Get It On
6.6%
Roberta Flack and Peabo Bryson Tonight I Celebrate My Love
61.7%
Just Once
11.1%
Disco Inferno
7.6%
What's Love Got to Do with It
16.3%
Joe Cocker and Jennifer Warnes Up Where We Belong
60.5%
(I've Had) The Time of My Life
23.1%
With a Little Help from My Friends
5.4%
You Are So Beautiful
8.2%
Willie Nelson and Julio Iglesias To All the Girls I've Loved Before
58%
Moonlight Lady
6%
Mammas Don't Let Your Babies Grow Up to Be Cowboys
18.1%
On the Road Again
14.8%
Aretha Franklin and George Michael I Knew You Were Waiting (For Me)
57.3%
Love All the Hurt Away
9.7%
Through the Storm
7.7%
Don't Let the Sun Go Down on Me
21.9%
Stevie Nicks and Don Henley Leather and Lace
53.3%
Stop Draggin My Heart Around
31%
Stand Back
6.9%
Dirty Laundry
5.7%
P!nk and Nate Reuss Just Give Me a Reason
50.5%
Try
10.1%
What About Us
25.3%
We Are Young
11.5%
Pitbull and Ke$ha Timber
49.6%
Bon, Bon
11.1%
Por Favor
11%
Tik Tok
25.4%
James Taylor and Carly Simon Mockingbird
48.5%
Shower the People
12.3%
Haven't Got Time For the Pain
16.4%
Let the River Flow
19.3%
Michael McDonald and Patti LaBelle On My Own
48.2%
Careless Whisper
13.1%
Lady Marmalade
9.9%
Sweet Freedom
25.7%

You're not logged in!

Compare scores with friends on all Sporcle quizzes.
OR
Log In

Sporcle TV

Today on Sporcle TV


Watch our educational content, quiz creation guides, and fun videos on Sporcle TV.

Show Comments

Extras

Top Quizzes Today


Score Distribution

Your Account Isn't Verified!

In order to create a playlist on Sporcle, you need to verify the email address you used during registration. Go to your Sporcle Settings to finish the process.

Report this User

Report this user for behavior that violates our Community Guidelines.

Details: